KOHA-Header-6

Data Communications And Networking (Record no. 2037)

000 -LEADER
fixed length control field 00314nam a2200121Ia 4500
008 - FIXED-LENGTH DATA ELEMENTS--GENERAL INFORMATION
fixed length control field 190723s9999 xx 000 0 und d
020 ## - INTERNATIONAL STANDARD BOOK NUMBER
International Standard Book Number 978-0-07-063414-5
100 ## - MAIN ENTRY--PERSONAL NAME
Personal name Behrouz A. Forouzan
245 #0 - TITLE STATEMENT
Title Data Communications And Networking
260 ## - PUBLICATION, DISTRIBUTION, ETC. (IMPRINT)
Place of publication, distribution, etc New Delhi
Name of publisher, distributor, etc McGraw Hill
Date of publication, distribution, etc 2010
300 ## - PHYSICAL DESCRIPTION
Extent 1134:p
942 ## - ADDED ENTRY ELEMENTS (KOHA)
Koha item type Books
Holdings
Withdrawn status Lost status Damaged status Not for loan Collection code Permanent Location Current Location Shelving location Date acquired Total Checkouts Total Renewals Full call number Barcode Date last seen Date checked out Price effective from Koha item type
        Computer Networking MAJU MAJU Shelf No.A33 2019-07-23 1 5 4.6 8660 2022-01-16 2021-12-16 2019-07-23 Computer Networking

Powered by Koha